000 00443nam a2200157 4500
001 112797
003 ES-MaACL
005 20230906185631.0
007 t|
008 061121s1955 sp r ||||1| gao d
100 1 _aNovoneyra, Uxío.
_986099
245 1 0 _aOs eidos
_b: terroes outas e soias do Caurel, 1952-1954 /
_cNovoneyra.
260 _aVigo :
_bGalaxia,
_c[1955]
300 _a123 p. ;
_c21 cm.
852 _aES-MaACL
_jC-10385
_bR.37808
999 _c112797
_d112797